header

Interactive architecture (Record no. 121625)

MARC details
000 -LEADER
fixed length control field 01295nam a2200337 a 4500
082 04 - DEWEY DECIMAL CLASSIFICATION NUMBER
Classification number 729
100 1# - MAIN ENTRY--AUTHOR NAME
Personal name Fox, Michael,
245 10 - TITLE STATEMENT
Title Interactive architecture
250 ## - EDITION STATEMENT
Edition statement 1st ed.
260 ## - PUBLICATION, DISTRIBUTION, ETC. (IMPRINT)
Place of publication New York :
Name of publisher Princeton Architectural Press,
Year of publication c2009.
300 ## - PHYSICAL DESCRIPTION
Number of Pages 256 p. :
Other physical details col. ill.
650 #0 - SUBJECT ADDED ENTRY--TOPICAL TERM
Topical Term Architecture and technology.
Topical Term Intelligent buildings.
Topical Term Architecture
700 1# - ADDED ENTRY--PERSONAL NAME
Personal name Kemp, Miles,
856 40 - ELECTRONIC LOCATION AND ACCESS
Uniform Resource Identifier http://site.ebrary.com/lib/rucke/Doc?id=10482154

No items available.

© 2026 Rongo University
Contact us: librarian | system librarian | Rongo university